| 000 | 01004nmm a2200265 a 4500 | ||
|---|---|---|---|
| 001 | ocm000596252 | ||
| 003 | TR-IsHL | ||
| 005 | 20201028135758.0 | ||
| 008 | 131209s2011 tu tur | ||
| 007 | cr cn | ||
| 020 | _a9786051370149 | ||
| 035 |
_a596252 _b(N$T) |
||
| 050 | 0 | 4 |
_aNA109.T9 _bE85 2011 |
| 090 | 0 | 4 |
_aNA109.T9 _bE85 2011 |
| 245 | 1 | 0 |
_aEski eserlerin onarımında karşılaşılan zorluklar, sorunlar ve çözüm önerileri _h[electronic resource] / _chaz. İbrahim Özekinci...[ve öte.] |
| 260 |
_aİstanbul : _bİstanbul Ticaret Odası, _c2011 |
||
| 300 | _a64 p. | ||
| 650 | 4 | _aMimarlık ve Tasarım | |
| 650 | 4 | _aArchitecture and Design | |
| 650 | 0 |
_aTarihi yapılar _x Koruma ve onarım _x Türkiye |
|
| 650 | 0 |
_aHistoric buildings _x Conservation and restoration _x Turkey |
|
| 650 | 7 |
_aART / Conservation & Preservation _2bisacsh |
|
| 700 | 1 | _aÖzekinci, İbrahim | |
| 856 | 4 | 0 | _uhttp://search.ebscohost.com/login.aspx?direct=true&scope=site&db=e011xww&AN=596252 |
| 999 |
_c6928 _d6928 |
||